Central Library OPAC University of Rajshahi

Entropy and low temperature physics (Record no. 8825)

MARC details
000 -LEADER
fixed length control field 00709nam a2200241 a 4500
001 - CONTROL NUMBER
control field 8825
003 - CONTROL NUMBER IDENTIFIER
rucl marc code BD-RjUL
005 - DATE AND TIME OF LATEST TRANSACTION
control field 20211208234647.0
008 - FIXED-LENGTH DATA ELEMENTS--GENERAL INFORMATION
fixed length control field 161206s1966 enka b 011 0 eng
035 ## - SYSTEM CONTROL NUMBER
System control number (BD-RjUL)8870
040 ## - CATALOGING SOURCE
Original cataloging agency DLC/ICU
Transcribing agency ICU
Modifying agency DLC
-- BD-RjUL
Language of cataloging eng
041 ## - LANGUAGE CODE
Language code of text/sound track or separate title eng
082 00 - DEWEY DECIMAL CLASSIFICATION NUMBER
Classification number 536.73
Author mark and year DUE
Edition number 23
100 1# - MAIN ENTRY--PERSONAL NAME
Personal name Dugdale, J. S.
Fuller form of name (John Sydney)
9 (RLIN) 27429
245 10 - TITLE STATEMENT
Title Entropy and low temperature physics
Statement of responsibility, etc. [by] J.S. Dugdale.
260 ## - PUBLICATION, DISTRIBUTION, ETC. (IMPRINT)
Place of publication, distribution, etc. London :
Name of publisher, distributor, etc. Hutchinson,
Date of publication, distribution, etc. c1966.
300 ## - PHYSICAL DESCRIPTION
Pagination 206 p. :
Illustrations tables, diagrs. ;
Size 22 cm.
504 ## - BIBLIOGRAPHY, ETC. NOTE
Bibliography, etc Includes Bibliography: p. [201] and index.
650 #0 - SUBJECT ADDED ENTRY--TOPICAL TERM
Topical term or geographic name as entry element Entropy.
9 (RLIN) 26909
Topical term or geographic name as entry element Low temperatures.
9 (RLIN) 27055
942 ## - ADDED ENTRY ELEMENTS (KOHA)
Source of classification or shelving scheme Dewey Decimal Classification
Koha item type Books
Holdings
Lost status Source of classification or shelving scheme Damaged status Not for loan Collection code Permanent Location Current Location Date acquired Source of acquisition Cost, normal purchase price Total Checkouts Full call number Date last seen Copy number Koha item type Shelving location Date checked out
  Dewey Decimal Classification     Non-fiction Central Library, University of Rajshahi Central Library, University of Rajshahi 18/11/1968 Zeitlinger 15.00   536.73 DUE 1966 19/01/2014 C-2 Books    
  Dewey Decimal Classification   Not For Loan Non-fiction Central Library, University of Rajshahi Central Library, University of Rajshahi 18/11/1968 Zeitlinger 15.00   536.73 DUE 1966 06/12/2016 C-1 Books Reading Room  
  Dewey Decimal Classification     Non-fiction Central Library, University of Rajshahi Central Library, University of Rajshahi 18/11/1968 Zeitlinger 15.00 1 536.73 DUE 1966 09/02/2017 C-3 Books   17/01/2017